Mỹ thuật đa phương tiện và quá trình đào tạo ở Việt Nam /
Tallennettuna:
| Päätekijä: | |
|---|---|
| Aineistotyyppi: | Artikkeli |
| Kieli: | Vietnamese |
| Aiheet: | |
| Tagit: |
Lisää tagi
Ei tageja, Lisää ensimmäinen tagi!
|
| Thư viện lưu trữ: | Thư viện Trường Đại học Đà Lạt |
|---|
| LEADER | 00787nam a2200265 4500 | ||
|---|---|---|---|
| 001 | DLU170181900 | ||
| 005 | ##20171115 | ||
| 040 | # | # | |a DLU |b vie |
| 041 | # | # | |a vie |
| 044 | # | # | |a vn |
| 100 | # | # | |a Nguyễn Lan Hương. |
| 245 | # | # | |a Mỹ thuật đa phương tiện và quá trình đào tạo ở Việt Nam / |c Nguyễn Lan Hương. |
| 653 | # | # | |a Đa phương tiện |
| 653 | # | # | |a Đào tạo |
| 653 | # | # | |a Mỹ thuật |
| 773 | # | # | |t Tạp chí Văn hoá nghệ thuật |g Số 378, 2015, tr. 55-58 |
| 920 | # | # | |a Phòng Tạp chí -- Trung tâm Thông tin - Thư viện Trường Đại học Đà Lạt |
| 994 | # | # | |a DLU |
| 900 | # | # | |a True |
| 911 | # | # | |a Trần Thị Minh Hương |
| 925 | # | # | |a G |
| 926 | # | # | |a A |
| 927 | # | # | |a BB |
| 980 | # | # | |a Thư viện Trường Đại học Đà Lạt |